| 000 | 00414nam a2200157Ia 4500 | ||
|---|---|---|---|
| 003 | GCL | ||
| 008 | 140319s9999 xx 000 0 eng d | ||
| 040 |
_aGCL / _cGCL |
||
| 082 | 0 | 4 |
_a551 _bM P |
| 100 | 1 | _aMCGEARY, DEVID | |
| 245 | 1 | 0 |
_aPHYSICAL GEOLOGY EARTH REVEALED / _cMCGEARY, DEVID |
| 260 |
_a[S.N] : _bWM. C. BROWN PUBLISHERS ، _c1994 |
||
| 300 | _a540 P | ||
| 650 | 0 | 4 | _aPHYSICAL GEOLOGY |
| 942 |
_2ddc _cBK |
||
| 999 |
_c11494 _d11494 |
||